Výstavba Slovenska hospodársky týždenník

Bibliographic Details
New Title:Výstavba socializmu
Other Authors: Zervan, František (Publishing director)
Format: Newspaper
Language:Slovak
PhysicalDescription:2 zv. 48 cm
Published: Bratislava Slovenské vydavateľstvo technickej literatúry 1958-1959
Bratislava Práca, vyd. ROH
Subjects:

MARC

LEADER 00000cas a2200000 a 4500
001 vtls010302555
003 SK-MaSNL
005 20260425194250.0
008 110810d19581959xo wr|ne 0 b0slo
040 |a SNK  |b slo  |c SNK  |e AACR2 
041 0 |a slo 
044 |a xo  |c SK 
072 7 |a 338.3/.4  |x Hospodárske a výrobné odvetvia  |2 konspekt 
080 |a 338.2  |2 2011 
080 |a 330.5+338  |2 2011 
080 |a 050  |2 2001 
080 |a (051)-048.55  |2 2011 
080 |a (437.6)  |2 2011 
245 0 0 |a Výstavba Slovenska  |b hospodársky týždenník 
260 |a Bratislava  |b Slovenské vydavateľstvo technickej literatúry  |c 1958-1959 
260 3 |3 1/1959-52/1959  |a Bratislava  |b Práca, vyd. ROH 
300 |a 2 zv.  |c 48 cm 
310 |a 1x týždenne 
362 0 |a Roč. I, č. 1 (1.5.1958)-roč. II, č. 52 (24.12.1959) 
500 |a V tiráži: orgán Sboru povereníkov 
500 |a Šéfred.: František Zervan 
500 |a Tlač.: Pravda, vyd. ÚV KSS, záv. Žilina ; od 1/1959 záv. Bratislava 
500 |a Pokračoval pod názvom: Výstavba socializmu 
650 0 7 |a hospodárska politika  |2 SNKPH  |9 2279 
650 0 7 |a národné hospodárstvo  |2 SNKPH  |9 846 
651 7 |a Slovensko  |2 SNKPHgeo  |9 14231 
655 7 |a špecializované časopisy  |2 SNKPH  |9 70509 
700 1 |a Zervan, František  |4 pbd  |9 273157 
785 0 0 |t Výstavba socializmu 
910 |a snk 
999 |c 8927  |d 10857 
952 |t č. 1-35  |a SNK  |b SNK  |y PREZ  |7 0  |p 17A0546663  |o snkČSA 570/1/1958  |i snkČSP 838/59  |0 0  |1 0  |4 0  |d 2007-03-28  |l 0  |r 2026-02-21 20:22:14  |w 2026-02-21 
952 |t č. 1-52  |a SNK  |b SNK  |y PREZ  |7 0  |p 17A0546664  |o snkČSA 570/2/1959  |i snkČSP 1086/60  |0 0  |1 0  |4 0  |d 2007-03-28  |l 0  |r 2026-02-21 20:38:33  |w 2026-02-21